Duchové dějiny a nové archivní teorie hodnocení
| Titel: | Duchové dějiny a nové archivní teorie hodnocení : Příklad možného dialogu historické vědy a archivnictví |
|---|---|
| Verfasser: | |
| In: |
Akademie věd České republiky: Práce z dějin Akademie Věd, Band 1, Heft 2 (2009), Seite 137-154 alle Artikel anzeigen |
| Veröffentlicht: | 2009 |
| Format: | Aufsatz |
| Sprache: | Tschechisch |
X
alg: 39347251 001A $01999:12-11-16 001B $01999:30-01-19 $t23:08:47.000 001D $01999:12-11-16 001U $0utf8 001X $00 002@ $0Aox 003@ $0393472515 007A $0393472515 $aHEB 007T $0Herdpp149554 007T $0ArchMa19020 010@ $acze 011@ $a2009 021A $aDuchové dějiny a nové archivní teorie hodnocení $dPříklad možného dialogu historické vědy a archivnictví 028A $aČtvrtník $dMikuláš 031A $d1 $e2 $h137-154 $j2009 037A $aRés. angl. s. 154: Spirit history and the new archival appraisal theories 039B $aIn $8--Abvc--Akademie věd České republiky [Tb1]. Práce z dějin Akademie Věd. - Praha : Masarykův Ústav, 2009-. - ISSN 1803-9448 $x200900000010002863 $9221645896 045T $a7,41 046C $aGeistesgeschichte und neue Archivtheorien zur Bewertung $bDt. Übers. d. Hauptsacht. lok: 39347251 78 exp: 39347251 78 1 #EPN 201B/01 $026-11-17 $t03:32:03.000 201U/01 $0utf8 203@/01 $0789582953 208@/01 $a12-11-16 $be 209A/01 $a/ $f000 $x00 220C/01 $aHerkunft: Hú Av Čr Praha 244Z/01 $#Tschechien $#Tschechische Republik $#Tschechische Republik $#Tschechenland $#Tschechei Tschechien $#Česká Republika $#Czech Republic $#ČR $74303381-7 $8--Tg1--Tschechien $x01 $9086659812 244Z/01 $2Trx $#Böhmen $#Bohemia $#Czechy $8--Trx--Čechy $x02 $9391188941 244Z/01 $2Trx $#arhiivi olemus $#archyvistika $#archivistics $#levéltári dolog $#archiwistyka $#archívnictvo $#archivnictví $8--Trx--Archivwesen $x03 $939135406X 244Z/01 $ahistoriografie $x04 244Z/01 $ametodologie $x05 244Z/01 $2Trx $8--Trx--Zeitschriftenaufsatz $x06 $9391384341 247C/01 $82080>Marburg/Lahn, Herder-Institut, Forschungsbibliothek, Bibliographieportal $9336309341 lok: 39347251 105 exp: 39347251 105 1 #EPN 201B/01 $030-01-19 $t15:18:31.000 201C/01 $030-01-19 201U/01 $0utf8 203@/01 $01042392986 208@/01 $a13-12-18 $be 209A/01 $a/ $f106 $x00 245Z/01 $a2.07. $bArchivwissenschaft und Archivtheorie / Bewertung und Übernahme $x01 245Z/01 $a4.16.01. $bArchivwesen Europas / Tschechien / Allgemeines $x02 247C/01 $8->Marburg, Bibliographie zum Archivwesen der Archivschule Marburg $939588196X
| LEADER | 00000caa a22000002c 4500 | ||
|---|---|---|---|
| 001 | 393472515 | ||
| 003 | DE-603 | ||
| 005 | 20190130230847.0 | ||
| 007 | tu | ||
| 008 | 161112s2009 xx |||| | u00||u|cze c | ||
| 035 | |a (DE-599)HEB393472515 | ||
| 040 | |a DE-603 |b ger |c DE-603 |d DE-603 | ||
| 041 | |a cze | ||
| 084 | |a 7,41 |2 ssgn | ||
| 100 | 1 | |a Čtvrtník, Mikuláš | |
| 245 | 0 | 0 | |a Duchové dějiny a nové archivní teorie hodnocení |b Příklad možného dialogu historické vědy a archivnictví |
| 246 | 1 | |i Dt. Übers. d. Hauptsacht. |a Geistesgeschichte und neue Archivtheorien zur Bewertung | |
| 264 | 0 | |c 2009 | |
| 500 | |a Rés. angl. s. 154: Spirit history and the new archival appraisal theories | ||
| 773 | 0 | 8 | |i In |a Akademie věd České republiky |t Práce z dějin Akademie Věd |d Praha : Masarykův Ústav, 2009- |x 1803-9448 |g Band 1, Heft 2 (2009), Seite 137-154 |w (DE-603)221645896 |w (DE-600)2544363-X |
| 924 | 0 | |9 2080 |a (DE-603)789582953 |b DE-2080 |c HES |d d |g / | |
| 924 | 0 | |9 - |a (DE-603)1042392986 |b DE- |c HES |d d |g / | |


